[Event "AUTO-OPEN-3887"]
[Site "http://www.queenalice.com/game.php?id=1510009"]
[Date "2017.12.31"]
[Round "1"]
[White "franciscoproficio"]
[Black "Fredo"]
[Result "1-0"]
[WhiteElo "2075"]
[BlackElo "1989"]

1. e4 c5 2. c4 Nc6 3. Nf3 e5 4. b3 Be7 5. Bb2 d6 6. Be2 Nf6 7. d3 O-O 8. O-O Nd4
9. Nxd4 cxd4 10. Nd2 a5 11. a4 Nd7 12. Bg4 Nf6 13. Bxc8 Rxc8 14. Re1 Qd7 15. h3
g6 16. Nf3 Nh5 17. Bc1 Kh8 18. Bg5 Bxg5 19. Nxg5 h6 20. Nf3 Ng7 21. Qd2 Kh7 22.
Qxa5 f5 23. Qd2 f4 24. Ra3 g5 25. Rea1 Rf6 26. a5 Ne6 27. b4 Rg6 28. Qe2 h5 29.
Nh2 Kh6 30. Qd1 Rcg8 31. a6 bxa6 32. Rxa6 g4 33. h4 Rf6 34. Qc1 g3 35. Nf3 gxf2+
36. Kxf2 Rfg6 37. Qh1 Nd8 38. b5 Rxg2+ 39. Qxg2 Rxg2+ 40. Kxg2 Qg4+ 41. Kf2 Nf7
42. Rg1 Qc8 43. Rc6 Qa8 44. Ra6 Qb8 45. Ng5 Nxg5 46. Rxg5 Qc8 47. Rxd6+ Kh7 48.
Rxe5 Qf8 49. Red5 1-0

[Event "AUTO-OPEN-3887"]
[Site "http://www.queenalice.com/game.php?id=1510028"]
[Date "2017.12.31"]
[Round "1"]
[White "Paulsains"]
[Black "franciscoproficio"]
[Result "1/2-1/2"]
[WhiteElo "1954"]
[BlackElo "2093"]

1. e4 c5 2. Nf3 Nc6 3. Bb5 Qc7 4. O-O a6 5. Be2 e5 6. d3 Nf6 7. Be3 Be7 8. h3
O-O 9. Nbd2 d5 10. a3 Be6 11. Nh2 Rad8 12. Qc1 dxe4 13. dxe4 b5 14. Ndf3 Nxe4
15. Bd3 Nf6 16. Ng5 Bc8 17. Rd1 h6 18. Ne4 Nxe4 19. Bxe4 Rxd1+ 20. Qxd1 Rd8 21.
Qf3 Nd4 22. Bxd4 cxd4 23. Rc1 Be6 24. b3 Bxa3 25. Ra1 b4 26. Qd3 Qb6 27. Nf3 f6
28. Nh4 a5 29. Qg3 g5 30. Nf5 Bxf5 31. Bxf5 Bb2 32. Rb1 Bc3 33. Qd3 Qb7 34. Be6+
Kg7 35. Bf5 Kh8 36. Be4 Qc7 37. Rf1 Rf8 38. Bf5 Re8 39. Bg6 Rf8 1/2-1/2

[Event "AUTO-OPEN-3887"]
[Site "http://www.queenalice.com/game.php?id=1510029"]
[Date "2017.12.31"]
[Round "1"]
[White "franciscoproficio"]
[Black "Paulsains"]
[Result "1-0"]
[WhiteElo "2081"]
[BlackElo "1970"]

1. e4 e5 2. c3 Nf6 3. Qc2 Bc5 4. Nf3 Ng4 5. d4 exd4 6. cxd4 Bb4+ 7. Nc3 O-O 8.
Bd3 d6 9. O-O Bxc3 10. bxc3 g6 11. Ba3 Re8 12. Rfe1 Nc6 13. Qd2 Kg7 14. Rab1 b6
15. Bc1 Bb7 16. h3 Nf6 17. Qh6+ Kg8 18. Bg5 a5 19. Re3 Kh8 20. e5 Ng8 21. Qh4
Nce7 22. Bf6+ Nxf6 23. Qxf6+ Kg8 24. Ng5 Rf8 25. e6 Nd5 26. exf7+ Rxf7 27. Qxf7+
1-0

[Event "AUTO-OPEN-3887"]
[Site "http://www.queenalice.com/game.php?id=1510038"]
[Date "2017.12.31"]
[Round "1"]
[White "Pipo712"]
[Black "franciscoproficio"]
[Result "1-0"]
[WhiteElo "2210"]
[BlackElo "2098"]

1. d4 e6 2. c4 Nf6 3. Nf3 c6 4. Nc3 Bb4 5. Qc2 d5 6. a3 Ba5 7. b4 Bc7 8. c5 b6
9. Bb2 Ba6 10. g3 O-O 11. Bg2 Nbd7 12. O-O Re8 13. Rfe1 e5 14. dxe5 Nxe5 15.
Nxe5 Bxe5 16. Rad1 Bb7 17. e4 d4 18. Ne2 Re7 19. f4 Bc7 20. Nxd4 Qe8 21. Nf5 Rd7
22. e5 Nd5 23. Bxd5 Rxd5 24. Rxd5 cxd5 25. e6 f6 26. Nd6 Bxd6 27. cxd6 Bc6 28.
Qd2 a6 29. f5 Qd8 30. Qf4 Qf8 31. Rc1 1-0

[Event "AUTO-OPEN-3887"]
[Site "http://www.queenalice.com/game.php?id=1510039"]
[Date "2017.12.31"]
[Round "1"]
[White "franciscoproficio"]
[Black "Pipo712"]
[Result "0-1"]
[WhiteElo "2086"]
[BlackElo "2222"]

1. e4 c5 2. Nf3 d6 3. c3 Nf6 4. Bb5+ Bd7 5. Bxd7+ Nbxd7 6. Qc2 e6 7. d4 Rc8 8.
O-O e5 9. dxe5 dxe5 10. Rd1 Qc7 11. c4 Be7 12. Nc3 a6 13. a4 O-O 14. b3 Rfd8 15.
Bg5 h6 16. Bh4 g5 17. Nxg5 hxg5 18. Bxg5 Qc6 19. Qe2 Qe6 20. Rd3 Nf8 21. Rg3 Ng6
22. Nd5 Nxd5 23. cxd5 Qd6 24. Bxe7 Qxe7 25. Rc1 Kf8 26. Qf3 Rd6 27. Qh5 Qh4 28.
Qxh4 Nxh4 29. Rg5 Ng6 30. g3 b5 31. a5 c4 32. b4 c3 33. Rf5 Kg7 34. Rf3 c2 35.
Rb3 Rc4 36. f3 Ne7 37. Kf2 Rd8 38. Ke3 Rdc8 39. f4 f5 0-1

[Event "AUTO-MASTER-2932"]
[Site "http://www.queenalice.com/game.php?id=1603168"]
[Date "2020.3.19"]
[Round "1"]
[White "al93oliveira"]
[Black "franciscoproficio"]
[Result "0-1"]
[WhiteElo "2258"]
[BlackElo "2158"]

1. d4 Nf6 2. c4 e6 3. Nf3 d5 4. g3 Be7 5. Bg2 dxc4 6. O-O O-O 7. Qc2 b5 8. a4 b4
9. Ne5 Qxd4 10. Bxa8 Qxe5 11. Bf4 Qh5 12. Bg2 e5 13. Bc1 Be6 14. Nd2 Qxe2 15.
Bf3 Qd3 16. Qxd3 cxd3 17. Ne4 Rd8 18. Nxf6+ gxf6 19. Bd2 c5 20. Rfe1 a5 21. Rac1
c4 22. Re4 Rc8 23. Kf1 Nd7 24. Bg2 f5 25. Ree1 Nc5 26. f3 Nb3 27. Rcd1 Nxd2+ 28.
Rxd2 c3 29. bxc3 bxc3 30. Rxd3 Bc4 31. Ke2 Rd8 0-1

[Event "AUTO-MASTER-2932"]
[Site "http://www.queenalice.com/game.php?id=1603169"]
[Date "2020.3.19"]
[Round "1"]
[White "franciscoproficio"]
[Black "al93oliveira"]
[Result "1-0"]
[WhiteElo "2142"]
[BlackElo "2274"]

1. e4 c5 2. Nf3 Nc6 3. Bb5 g6 4. Bxc6 dxc6 5. a4 Bg7 6. a5 Nf6 7. Nc3 O-O 8. O-O
Nh5 9. h3 Nf4 10. e5 f6 11. exf6 Bxf6 12. Ne4 Bg7 13. Re1 Qd5 14. d3 Qh5 15.
Bxf4 Rxf4 16. Ra4 e6 17. Rc4 b6 18. Neg5 Rxf3 19. Nxf3 Bd7 20. Qc1 Rd8 21. axb6
axb6 22. Qf4 e5 23. Nxe5 Be6 24. Nxc6 Bxc4 25. Nxd8 1-0

[Event "AUTO-MASTER-2932"]
[Site "http://www.queenalice.com/game.php?id=1603186"]
[Date "2020.3.19"]
[Round "1"]
[White "franciscoproficio"]
[Black "capaputi"]
[Result "1-0"]
[WhiteElo "2088"]
[BlackElo "2107"]

1. e4 e5 2. Nf3 Nc6 3. Bc4 Bc5 4. O-O Nf6 5. d3 d6 6. c3 Bg4 7. b4 Bb6 8. a4 a6
9. Nbd2 O-O 10. h3 Bh5 11. Re1 Re8 12. Nf1 d5 13. exd5 Nxd5 14. Bd2 f6 15. d4
1-0

[Event "AUTO-MASTER-2932"]
[Site "http://www.queenalice.com/game.php?id=1603187"]
[Date "2020.3.19"]
[Round "1"]
[White "capaputi"]
[Black "franciscoproficio"]
[Result "0-1"]
[WhiteElo "2092"]
[BlackElo "2104"]

1. e4 c5 2. Nf3 e6 3. Nc3 Nc6 4. a3 Nf6 5. Be2 d5 6. exd5 Nxd5 7. Nxd5 exd5 8.
d4 c4 9. O-O Bd6 10. Bg5 Qc7 11. b3 cxb3 12. cxb3 a5 13. Re1 O-O 14. h3 h6 0-1

[Event "AUTO-MASTER-2932"]
[Site "http://www.queenalice.com/game.php?id=1603188"]
[Date "2020.3.19"]
[Round "1"]
[White "franciscoproficio"]
[Black "jupar"]
[Result "1-0"]
[WhiteElo "2129"]
[BlackElo "2155"]

1. e4 e5 2. Nf3 Nc6 3. Bc4 Nf6 4. Ng5 d5 5. exd5 Na5 6. Bb5+ c6 7. dxc6 bxc6 8.
Bd3 Bd6 9. O-O O-O 10. Nc3 Bg4 11. Be2 Bd7 12. Nce4 Bc7 13. b3 h6 14. Nxf6+ Qxf6
15. Ne4 Qe7 16. a4 f5 17. Ba3 Qf7 18. Nc5 Bc8 19. Na6 Bxa6 20. Bxa6 Rfb8 21. Qf3
e4 22. Qc3 Qh5 23. g3 f4 24. Bb2 Qg5 25. b4 fxg3 26. fxg3 Bb6+ 27. Kh1 Rd8 28.
bxa5 Bd4 29. Qc4+ Kh7 30. Bxd4 Qxd2 31. Bxg7 Kxg7 32. Rf7+ Kh8 33. Qxe4 Qd5 34.
Rh7+ Kg8 35. Bc4 Qxc4 36. Qg6+ Kf8 37. Qf6+ 1-0

[Event "AUTO-MASTER-2932"]
[Site "http://www.queenalice.com/game.php?id=1603189"]
[Date "2020.3.19"]
[Round "1"]
[White "jupar"]
[Black "franciscoproficio"]
[Result "0-1"]
[WhiteElo "2152"]
[BlackElo "2116"]

1. e4 c5 2. Nf3 e6 3. c3 Ne7 4. d4 cxd4 5. cxd4 d5 6. e5 Nbc6 7. a3 Nf5 8. Be3
f6 9. exf6 Qxf6 10. Bb5 Bd6 11. O-O O-O 12. b4 Bd7 13. Bxc6 Bxc6 14. Nbd2 Nxe3
15. fxe3 Bb5 16. Rf2 Rf7 17. a4 Bd3 18. Qb3 Qf5 19. Qb2 Raf8 20. Ra3 g5 21. h3
Bg3 22. Qc3 Bxf2+ 23. Kxf2 Be4 24. b5 g4 25. hxg4 Qxg4 26. b6 Rxf3+ 27. gxf3
Bxf3 28. Nxf3 Qxf3+ 29. Ke1 Qf1+ 0-1

[Event "AUTO-MASTER-2977"]
[Site "http://www.queenalice.com/game.php?id=1621262"]
[Date "2020.7.23"]
[Round "1"]
[White "akleetch"]
[Black "franciscoproficio"]
[Result "0-1"]
[WhiteElo "1803"]
[BlackElo "2191"]

1. e4 c5 2. Bc4 e6 3. Nc3 Nf6 4. d3 d5 5. exd5 exd5 6. Bb5+ Bd7 7. Bg5 Bxb5 8.
Nxb5 Qa5+ 9. Nc3 d4 10. Bxf6 gxf6 11. Ne2 Nc6 12. O-O dxc3 13. Nxc3 O-O-O 14. a3
Nd4 15. Ne4 f5 16. Ng5 Qc7 17. c3 Rg8 18. Nxh7 Qc6 19. f3 Bd6 20. cxd4 Bxh2+ 21.
Kxh2 Qh6+ 22. Kg1 Rxg2+ 23. Kxg2 Rg8+ 24. Kf2 Qh2+ 25. Ke3 Re8# 0-1

[Event "AUTO-MASTER-2977"]
[Site "http://www.queenalice.com/game.php?id=1621263"]
[Date "2020.7.23"]
[Round "1"]
[White "franciscoproficio"]
[Black "akleetch"]
[Result "1-0"]
[WhiteElo "2192"]
[BlackElo "1806"]

1. d4 d5 2. c4 c6 3. cxd5 cxd5 4. Bf4 Nf6 5. e3 a6 6. Bd3 Nc6 7. Ne2 Bg4 8. Nbc3
e6 9. O-O Bd6 10. Bg5 h6 11. Bh4 O-O 12. h3 Bh5 13. f4 Be7 14. g4 Bg6 15. Bxg6
fxg6 16. Rc1 Nd7 17. Bxe7 Qxe7 18. Ng3 g5 19. Qd3 Nf6 20. a3 Qd6 21. Kg2 gxf4
22. exf4 Na5 23. Rce1 Rae8 24. g5 hxg5 25. fxg5 Nh7 26. Qg6 Qe7 27. Nxd5 Qd7 28.
Nf6+ Nxf6 29. gxf6 Qxd4 30. Qxg7# 1-0

[Event "AUTO-MASTER-2977"]
[Site "http://www.queenalice.com/game.php?id=1621280"]
[Date "2020.7.23"]
[Round "1"]
[White "franciscoproficio"]
[Black "noroc"]
[Result "1-0"]
[WhiteElo "2204"]
[BlackElo "2141"]

1. d4 Nf6 2. Nf3 e6 3. c4 Bb4+ 4. Nbd2 d5 5. Qa4+ Nc6 6. a3 Bxd2+ 7. Bxd2 Ne4 8.
e3 Nxd2 9. Nxd2 O-O 10. Nf3 Bd7 11. Qc2 Ne7 12. Bd3 Ng6 13. c5 f5 14. h4 Ne7 15.
h5 Qe8 16. h6 g6 17. Ng5 b6 18. cxb6 cxb6 19. Qc7 Nc6 20. Rc1 Rc8 21. Qd6 Nd8
22. Rxc8 Bxc8 23. O-O Qd7 24. Qf4 Nf7 25. Nxf7 Rxf7 26. Rc1 Bb7 27. Qb8+ Rf8 28.
Qxa7 Rc8 29. Rxc8+ Qxc8 30. Ba6 Bxa6 31. Qg7# 1-0

[Event "AUTO-MASTER-2977"]
[Site "http://www.queenalice.com/game.php?id=1621281"]
[Date "2020.7.23"]
[Round "1"]
[White "noroc"]
[Black "franciscoproficio"]
[Result "0-1"]
[WhiteElo "2175"]
[BlackElo "2193"]

1. d4 Nf6 2. Nf3 d5 3. Bg5 c5 4. e3 Ne4 5. Bf4 Qb6 6. Qc1 Nc6 7. c3 f6 8. Nfd2
e5 9. Nxe4 cxd4 10. cxd4 exf4 11. Nec3 fxe3 12. fxe3 Be6 13. a3 Bd6 14. Bd3 O-O
15. Qc2 f5 16. g3 f4 17. gxf4 Bxf4 18. Na4 Qd8 19. Bxh7+ Kh8 20. exf4 Rxf4 21.
Kd1 Nxd4 22. Qd3 Rc8 23. Nbc3 Qg5 24. h4 Bg4+ 0-1

[Event "AUTO-MASTER-2977"]
[Site "http://www.queenalice.com/game.php?id=1621282"]
[Date "2020.7.23"]
[Round "1"]
[White "franciscoproficio"]
[Black "pomar"]
[Result "1-0"]
[WhiteElo "2182"]
[BlackElo "2076"]

1. d4 e6 2. c4 d5 3. cxd5 Qxd5 4. Nc3 Bb4 5. e3 Nf6 6. Ne2 Ne4 7. a3 Bxc3+ 8.
Nxc3 Nxc3 9. bxc3 Bd7 10. c4 Qg5 11. Qc2 Nc6 12. f4 Qe7 13. Be2 O-O 14. Bb2 a5
15. O-O Qh4 16. Rf3 Qe7 17. Rg3 f6 18. d5 Na7 19. Rd1 Rad8 20. Bd3 h6 21. Qe2
exd5 22. cxd5 Qd6 23. Qh5 Be8 24. Qxh6 g6 25. Rh3 Rd7 26. Qh8+ 1-0

[Event "AUTO-MASTER-2977"]
[Site "http://www.queenalice.com/game.php?id=1621283"]
[Date "2020.7.23"]
[Round "1"]
[White "pomar"]
[Black "franciscoproficio"]
[Result "0-1"]
[WhiteElo "2058"]
[BlackElo "2173"]

1. f3 e5 2. Kf2 Nc6 3. e3 d5 4. g3 h5 5. Bh3 h4 6. Bxc8 hxg3+ 7. Kg2 Qxc8 8.
hxg3 Rxh1 9. Kxh1 Qf5 10. Nc3 O-O-O 11. g4 Qg6 12. Kg2 f5 13. Nh3 Be7 14. Kf2
fxg4 15. fxg4 Nh6 16. Kg3 Bh4+ 17. Kxh4 Nf5+ 0-1

[Event "AUTO-MASTER-2932"]
[Site "http://www.queenalice.com/game.php?id=1629521"]
[Date "2020.10.10"]
[Round "2"]
[White "franciscoproficio"]
[Black "Artking"]
[Result "0-1"]
[WhiteElo "2189"]
[BlackElo "1959"]

1. d4 Nf6 2. g3 g6 3. Bg2 Bg7 4. e4 d6 5. Ne2 c6 6. h3 Nbd7 7. Be3 e5 8. O-O O-O
9. c4 Qe8 10. Nbc3 a6 11. dxe5 dxe5 0-1

[Event "AUTO-MASTER-2932"]
[Site "http://www.queenalice.com/game.php?id=1629522"]
[Date "2020.10.10"]
[Round "2"]
[White "Artking"]
[Black "franciscoproficio"]
[Result "1-0"]
[WhiteElo "1932"]
[BlackElo "2209"]

1. Nf3 e6 2. d4 c5 3. c3 d5 4. g3 Be7 5. Bg2 Nf6 6. Nbd2 O-O 7. O-O Nc6 8. Ne5
cxd4 9. Nxc6 bxc6 10. cxd4 a5 11. Nf3 1-0

[Event "AUTO-MASTER-2932"]
[Site "http://www.queenalice.com/game.php?id=1629523"]
[Date "2020.10.10"]
[Round "2"]
[White "franciscoproficio"]
[Black "clovis"]
[Result "0-1"]
[WhiteElo "2152"]
[BlackElo "1991"]

1. d4 d5 2. c4 e5 3. dxe5 d4 4. a3 Nc6 5. Nf3 Nge7 6. b4 Ng6 7. Bb2 Ngxe5 8.
Nxe5 Nxe5 9. Bxd4 Nxc4 10. e3 Be6 11. Qc2 Qg5 12. Bxc4 Qxg2 13. Rf1 O-O-O 14.
Bxe6+ fxe6 0-1

[Event "AUTO-MASTER-2932"]
[Site "http://www.queenalice.com/game.php?id=1629524"]
[Date "2020.10.10"]
[Round "2"]
[White "clovis"]
[Black "franciscoproficio"]
[Result "1-0"]
[WhiteElo "1967"]
[BlackElo "2170"]

1. e4 c5 2. Nf3 e6 3. d4 cxd4 4. Nxd4 Nc6 5. Nc3 a6 6. Be2 Qc7 7. O-O Nf6 8. Kh1
Be7 9. Nxc6 bxc6 10. f4 d5 11. exd5 exd5 12. Bf3 O-O 13. a3 Rb8 14. b4 a5 15.
Rb1 1-0

[Event "AUTO-MASTER-2977"]
[Site "http://www.queenalice.com/game.php?id=1630661"]
[Date "2020.10.23"]
[Round "2"]
[White "franciscoproficio"]
[Black "capaputi"]
[Result "0-1"]
[WhiteElo "2135"]
[BlackElo "2237"]

1. e4 c5 2. Nf3 a6 3. c4 Nc6 4. d4 cxd4 5. Nxd4 Nf6 6. Nc3 Qb6 7. Nc2 e6 8. Be2
Be7 9. f4 d6 10. Be3 Qc7 0-1